Word Chain - Western US Cities - Statistics

General Stats
  • This quiz has been taken 53 times
  • The average score is 12 of 15
Answer Stats
Hint Answer % Correct
Mile-high city, the capital of Colorado. Denver
98%
California home to the stunning Golden Gate Bridge. San Francisco
98%
Across the bay you'll find this city of 440,000, once home to baseball's "A's," the city is named for the trees that once blanketed the area. Oakland
94%
Home to University of Idaho, the origin of this city's name is uncertain. It might be named for a native tribe, a city in Pennsylvania, or the capital of Russia. Moscow
92%
It's the 23rd most populous city in Washington. It's also the capital. Olympia
90%
After Cheyenne, this is the most populous city in Wyoming. A former oil mecca, it's named for a military man, not a friendly ghost, Casper
88%
Four-letter Arizona city named for a landform. Mesa
88%
Home to Disneyland and the National Hockey League's Ducks. Anaheim
86%
A Washington city so nice they named it twice! The Walawalałáma people are the inspiration for the city name. Walla Walla
82%
Colorado mining town turned tony ski resort. Aspen
80%
The fifth-largest city in California, this San Joaquin locale is the most populous inland city in the Golden State. Fresno
67%
Four-letter hotspot for artists in New Mexico. Taos
57%
Roughly 40 US cities and towns carry this name. We're thinking of the tiny community near the California coast. Need another hint? It's not an old harbor. Newport
55%
New Mexico city that takes its name from the famed indigenous civilization that once spread throughout Mexico. Aztec
53%
Small city in north central California. Two words. Think: scarlet cliff. Red Bluff
33%
No matching quizzes found
Score Distribution
Percent of People with Each Score
Percentile by Number Answered
Your Score History
You have not taken this quiz